[Event "AUT-ch Open 2020"]
[Site "Graz"]
[Date "2020.02.17"]
[Round "4.14"]
[White "Janzelj, Tim"]
[Black "Lim, Zhuo Ren"]
[Result "1-0"]
[WhiteElo "2451"]
[BlackElo "2296"]
[Annotator "TA"]
[PlyCount "77"]
[EventDate "2020.02.14"]
[EventType "swiss"]
[EventCountry "AUT"]
[SourceTitle "playchess.com"]
[Source "ChessBase"]
[SourceQuality "1"]

{[%evp 9,77,20,28,26,56,62,56,51,58,16,233,240,216,233,248,238,241,233,227,229,248,225,225,218,215,183,172,147,164,170,187,176,183,175,201,199,199,206,291,269,310,302,338,331,353,271,513,452,877,856,878,883,862,862,837,794,1431,1250,1236,1181,2765,2672,29976,29977,29973,29975,29990,29991,29991,29992]} 1. e4 c5 2. Nf3 d6 3. Bb5+ Nd7 4. c3 Ngf6 5. Bd3 g6 6. Bc2 {[#] B51: Sicilian: Moscow Variation (3 Bb5+) without 3...Bd7.} Bh6 $146 ({Predecessor:} 6... Bg7 7. d4 O-O 8. O-O b5 9. e5 Ne8 10. e6 fxe6 11. Ng5 Nc7 12. dxc5 Nxc5 13. Nxh7 Kxh7 {0-1 (36) Nepomniachtchi,I (2775)-Giri,A (2779) Zagreb 2019}) 7. d4 Bxc1 8. Qxc1 {White is slightly better.} O-O 9. e5 Nd5 $2 (9... dxe5 $11 10. dxe5 Ng4) 10. Qh6 $18 dxe5 11. dxe5 Qc7 12. Be4 Nxe5 {[%cal Bd7e5,Be5d3,Bd3b2][%mdl 32]} 13. Bxd5 {Threatens to win with Ng5.} Nd3+ {[#]} 14. Kf1 $1 {White threatens Ng5 and mate.} e6 15. Bb3 f6 16. Nbd2 Nxb2 17. Qe3 c4 18. Rb1 cxb3 19. axb3 ({Don't take} 19. Rxb2 $6 bxa2 20. Rxa2 e5 $16) 19... e5 20. Rxb2 Bf5 21. Ne4 Qc6 22. Nfd2 Rad8 {Hoping for ...Bxe4.} 23. f3 Qa6+ (23... Bxe4 $142 24. Qxe4 (24. fxe4 Rf7 $16) 24... Qxc3 25. Qc4+ Qxc4+ 26. bxc4 Rd7) 24. Kf2 Rd3 25. Ra2 {[%mdl 64] [#] Deflection} Qxa2 26. Qxd3 Kg7 27. g4 Be6 $2 (27... Bxe4 28. fxe4 Qa5) 28. c4 Rf7 (28... Qa5 $142 29. h4 Rd8) 29. Nc5 Bc8 30. Qc3 Qa3 31. Nde4 Qa2+ 32. Kg3 b6 33. Ra1 Qe2 34. Re1 Qa2 35. g5 bxc5 36. gxf6+ {White mates.} Kg8 37. Qxe5 Bd7 38. Ng5 h5 39. h4 {Accuracy: White = 91%, Black = 49%.} 1-0

[Event "AUT-ch Open 2020"]
[Site "Graz"]
[Date "2020.02.17"]
[Round "4.14"]
[White "Peycheva, Gergana"]
[Black "Orgler, Philipp"]
[Result "1-0"]
[WhiteElo "2286"]
[BlackElo "2021"]
[Annotator "TA"]
[PlyCount "69"]
[EventDate "2020.02.14"]
[EventType "swiss"]
[EventCountry "AUT"]
[SourceTitle "playchess.com"]
[Source "ChessBase"]
[SourceQuality "1"]

{[%evp 23,69,58,50,58,60,33,28,27,74,62,37,46,30,3,1,0,14,5,16,0,149,157,406,404,399,375,387,377,393,374,29982,29983,29983,29984,29984,29985,29985,29986,29986,29987,29987,29988,29988,29982,29994,0,29986,29977]} 1. d4 d5 2. Nf3 c5 3. c4 e6 4. cxd5 exd5 5. g3 Nc6 6. Bg2 Nf6 7. O-O Be7 8. dxc5 Bxc5 9. a3 O-O 10. b4 Bb6 11. Nc3 h6 12. Bb2 Be6 13. Na4 {D30: Queen's Gambit Declined: Systems without Nc3.} Ne4 14. Nxb6 Qxb6 15. Nd4 {White has an edge.} Nd6 {[#]} 16. Nxe6 $146 ({Predecessor:} 16. e3 Nc4 17. Bc3 Nxd4 18. Bxd4 Qb5 19. Bc3 Rfd8 20. Qd4 f6 21. Rfd1 Qe8 22. e4 {1-0 (44) Naumann,A (2535)-Zierke,O (2261) Germany 2013}) 16... fxe6 17. e3 Nc4 18. Bd4 Nxd4 19. exd4 Nd6 20. Re1 $36 {[%mdl 2048] White is pushing.} Nf5 21. Rc1 Qxd4 ({Don't go for} 21... Nxd4 $2 22. Rc5 $18) (21... a5 $11 {remains equal.}) 22. Rxe6 $16 Qb2 $2 (22... Kh8 $16 23. Qe2 (23. Bxd5 Rad8 $15) 23... a5) 23. Rc2 $18 Qxa3 24. Bxd5 Kh8 25. g4 Qxb4 {With the idea ...Rad8.} 26. gxf5 {White wants to mate with Rxh6+!} Rxf5 $2 (26... Qf4 $18 27. Qf3 Qxf3 28. Bxf3 Rf7) 27. Rxh6+ gxh6 28. Qa1+ Kh7 29. Rc7+ {[%mdl 64] [#] Double Attack} Kg6 30. Qg7+ Kh5 31. Bf7+ Rxf7 32. Qxf7+ Kg5 33. Qd5+ Kg6 34. Qf7+ Kg5 {[#]} 35. h4+ $1 {[%mdl 512] Accuracy: White = 87%, Black = 52%.} 1-0

[Event "AUT-ch Open 2020"]
[Site "Graz"]
[Date "2020.02.17"]
[Round "4.15"]
[White "Kravanja, Georg"]
[Black "Eizaguerri Floris, Maria"]
[Result "0-1"]
[WhiteElo "2262"]
[BlackElo "2014"]
[Annotator "TA"]
[PlyCount "144"]
[EventDate "2020.02.14"]
[EventType "swiss"]
[EventCountry "AUT"]
[SourceTitle "playchess.com"]
[Source "ChessBase"]
[SourceQuality "1"]

{[%evp 9,144,0,23,12,35,-8,-11,-42,2,13,10,0,12,-19,20,11,17,15,15,14,12,13,10,9,17,21,32,36,30,26,32,33,36,25,46,24,26,27,22,23,25,15,22,7,25,18,22,14,10,6,14,0,4,0,13,0,0,0,0,0,0,0,5,0,0,-10,12,0,0,0,0,-6,0,0,0,0,0,-123,-130,-130,-127,-152,-161,-173,-159,-148,-115,-109,-100,-103,-100,-120,-117,-163,-166,-223,-227,-270,-250,-238,-214,-404,-355,-357,-327,-386,-386,-334,-386,-366,-346,-526,-499,-651,-679,-4137,-3939,-2332,-594,-29977,-29978,-29975,-29976,-29980,-4125,-29980,-29979,-29991,-29968,-29972,-29972,-29989,-29990,-29990,-29991,-29991,-29992]} 1. Nf3 d5 2. g3 c6 3. Bg2 Bg4 4. O-O Nd7 5. h3 Bh5 (5... Bxf3 $5 6. Bxf3 Ngf6 $11) 6. d4 {A07: Réti Opening: New York and Capablanca Systems.} Ngf6 {[#]} 7. Nh4 $146 ({Predecessor:} 7. c4 e6 8. Nc3 Be7 9. cxd5 cxd5 10. Qb3 Qb6 11. Qxb6 Nxb6 12. g4 Bg6 13. Ne5 Nfd7 14. Nxg6 hxg6 {½-½ (40) Repka,C (2481)-Movsesian,S (2641) Austria 2020}) 7... e6 8. c4 {The position is equal.} Be7 9. cxd5 cxd5 10. Nc3 O-O 11. Qb3 Qb6 12. Qxb6 Nxb6 13. g4 Bg6 14. Nxg6 hxg6 15. b3 Rac8 16. Bb2 Rc7 17. Rfc1 Rfc8 18. Nb5 Rxc1+ 19. Rxc1 Rxc1+ 20. Bxc1 Nc8 21. f3 Bb4 22. Bb2 a6 23. Nc3 Ne7 24. Kf2 g5 25. e3 Kf8 26. Ke2 Ke8 27. Kd3 Kd7 28. Ne2 Ng6 29. Bc1 Bd6 30. Bh1 Kc6 31. Bd2 Ne8 32. f4 gxf4 33. exf4 Be7 34. Be1 Nd6 35. Ke3 Bf6 36. Bb4 Bh4 37. Bf3 Be7 38. Be1 Bf6 39. Bf2 Be7 40. Ng3 Bf8 41. Be2 Nb5 42. Be1 Nh4 43. Bf1 {[#]} (43. Bd2 $11 {keeps the balance.}) 43... Nxd4 $1 $17 {[%mdl 576] Deflection, Decoy} 44. Kxd4 {Strongly threatening Kd3.} Nf3+ {[%mdl 64] Double Attack} 45. Kc3 {aiming for Bf2.} Nxe1 {[%mdl 4096] Endgame KBN-KBN} 46. Ne2 Bc5 47. h4 Nf3 48. h5 f6 49. Bg2 Nh4 50. Bh1 e5 51. fxe5 fxe5 52. b4 {[#]} (52. Kd3 {is a better defense.}) 52... Be7 $1 $19 53. a3 Kd6 54. Kd3 e4+ 55. Ke3 $2 (55. Bxe4 dxe4+ 56. Kxe4) 55... Ke5 56. Kf2 Bg5 57. Nc3 g6 58. Na4 gxh5 59. gxh5 Nf5 60. Ke1 (60. Bg2 $142) 60... Bc1 61. Nc5 Bxa3 62. Nxb7 Bxb4+ 63. Kd1 Nh6 (63... d4 $142 {( -> ...d3)} 64. h6 Nxh6) 64. Kc2 d4 65. Kb3 a5 66. Nd8 Kd5 (66... d3 $142 67. Nc6+ Kf4 68. Nd4 e3 69. Bf3 Nf5 70. Nxf5 e2 71. Nd4 e1=Q 72. Nb5 Kxf3 73. Nd4+ Ke4 74. Kc4 Qc3+ 75. Kb5 Kxd4 76. Kb6 Qc8 77. h6 Kc4 78. h7 Bc5+ 79. Kxa5 Qa8#) 67. Bg2 d3 {Black mates.} 68. Kb2 Kd4 69. Ne6+ Ke3 70. Ng5 d2 71. Kc2 Ke2 72. Bf1+ Ke1 {Accuracy: White = 67%, Black = 87%.} 0-1

[Event "AUT-ch Open 2020"]
[Site "Graz"]
[Date "2020.02.17"]
[Round "4.15"]
[White "Tisaj, Domen"]
[Black "David, Alexandru-Vasile"]
[Result "0-1"]
[WhiteElo "2245"]
[BlackElo "2436"]
[Annotator "TA"]
[PlyCount "122"]
[EventDate "2020.02.14"]
[EventType "swiss"]
[EventCountry "AUT"]
[SourceTitle "playchess.com"]
[Source "ChessBase"]
[SourceQuality "1"]

{[%evp 9,122,33,43,43,47,47,43,39,116,113,154,126,225,222,216,224,228,221,228,191,192,150,166,163,162,165,181,153,140,141,204,179,178,182,164,137,146,136,113,0,23,20,35,30,52,53,37,-40,-52,-72,-77,-60,-52,-53,-76,-102,-101,-94,-103,-128,-127,-126,-126,-129,-130,-130,-133,-218,-205,-285,-253,-320,-254,-365,-292,-331,-305,-294,-290,-375,-222,-215,-212,-251,-168,-276,-275,-240,-244,-275,-275,-305,-308,-295,-156,-276,0,0,0,0,0,0,0,0,0,0,0,-37,-37,-37,-37,-37,0,-847,-800]} 1. d4 Nf6 2. c4 b6 3. Nc3 Bb7 4. Nf3 g6 5. d5 Bg7 6. e4 {A50: Queen's Fianchetto Defence (1 d4 Nf6 2 c4 b6).} O-O 7. Bd3 e6 8. O-O {[#] White is slightly better.} c6 $146 (8... d6 $14) ({Predecessor:} 8... d6 9. Bc2 Nbd7 10. Rb1 Re8 11. h3 a5 12. Nd4 exd5 13. exd5 Nc5 14. Be3 Nh5 {0-1 (30) Gareyev,T (2598)-Mamedyarov,S (2772) Moscow 2019}) 9. e5 $16 Ng4 10. Re1 $1 {And now h3 would win.} Qc7 (10... f6 $16) 11. d6 $18 Qc8 12. h3 Nh6 13. Ne4 Kh8 14. Bg5 c5 15. Qd2 Ng8 16. Qf4 Bxe4 17. Bxe4 Nc6 18. Be7 Ngxe7 19. dxe7 Re8 (19... Nxe7 $16 20. Bxa8 Qxa8) 20. Bxc6 (20. Qxf7 $6 Rxe7 21. Qf4 Kg8 $16) 20... dxc6 21. Ng5 (21. Qxf7 $6 Qc7 $16) 21... Rxe7 22. Nxh7 Rd7 23. Ng5 $1 {[%cal Rg5f7]} Kg8 24. Qf3 (24. Qh4 $1 $16) 24... Qc7 25. Qe2 Rad8 26. Nf3 Rd3 27. Qe4 b5 28. cxb5 ({Better is} 28. b3 $14) 28... cxb5 $15 29. a4 b4 30. Rac1 Bh6 31. Rc4 Rd1 32. Rxd1 Rxd1+ 33. Kh2 Rd5 34. Qe2 Bg7 35. Re4 f5 36. Rc4 Bxe5+ 37. g3 Qd6 38. Kg2 {[#]} (38. b3 $17 {was called for.}) 38... Bf6 $1 $19 39. Qe3 {intending Qh6.} Kg7 (39... Bxb2 40. Qh6 $17) 40. b3 Be7 41. Ng5 (41. Rc2 $142) 41... Re5 42. Qc1 Qd5+ (42... Bxg5 43. Qxg5 Re1 44. Kh2 $15) 43. Nf3 Re4 44. g4 Bd6 (44... Rxc4 $142 45. Qxc4 Qxc4 46. bxc4 b3) 45. gxf5 exf5 46. Rc2 Qxb3 {Threatens to win with ...Qd5.} 47. Rd2 (47. Nd2 {was forced.} Qd3 48. Nxe4 Qxe4+ 49. Kg1) 47... Qc3 48. Qd1 Be7 {Strongly threatening ...c4.} 49. Rd7 Qf6 50. Rxa7 c4 51. a5 c3 ({Black should try} 51... b3 $19 52. Rb7 b2) 52. Rc7 {[#]} (52. Qd3 $17) 52... Re6 $2 (52... g5 $1 $19 53. Nh2 Qe6) 53. Qa4 $11 Kh6 54. Qb5 g5 {Hoping for ...g4.} 55. Rc4 Re4 56. Rc6 Re6 57. Rc4 $1 Kg7 58. Nd4 Re5 $36 {[%mdl 2048] Black is more active.} 59. Qd7 Qf7 ({Wrong is} 59... Rxa5 $2 60. Nc6 $18) 60. Rc7 b3 {aiming for ...c2.} ({Reject} 60... Rxa5 $6 61. Qxe7 (61. Nc6 Qd5+ 62. Qxd5 Rxd5 $11) 61... Qxe7 62. Rxe7+ Kf6 63. Re6+ Kf7 64. Rb6 $14) 61. Rxc3 $2 {[%mdl 8192]} (61. Nc6 $11 Re1 62. Nxe7 Rxe7 63. Qxe7 Qxe7 64. Rxe7+ Kf6 65. Re1) 61... b2 {Accuracy: White = 60%, Black = 70%.} 0-1

[Event "AUT-ch Open 2020"]
[Site "Graz"]
[Date "2020.02.17"]
[Round "4.16"]
[White "Soham Das"]
[Black "Socko, Bartosz"]
[Result "0-1"]
[WhiteElo "2619"]
[BlackElo "2619"]
[Annotator "TA"]
[PlyCount "87"]
[EventDate "2020.02.14"]
[EventType "swiss"]
[EventCountry "AUT"]
[SourceTitle "playchess.com"]
[Source "ChessBase"]
[SourceQuality "1"]

{[%evp 9,87,14,26,11,18,18,19,17,25,0,6,4,0,0,0,0,30,21,41,-7,-7,0,-13,-4,0,-20,20,17,20,5,5,5,5,0,0,0,0,-18,0,0,0,0,0,-73,-17,-16,0,0,0,0,0,0,0,0,0,-19,-9,-8,-9,-18,-15,-83,-87,-200,-193,-222,-104,-183,-156,-184,-64,-204,-197,-327,-272,-518,-522,-521,-466,-444]} 1. e4 c6 2. d4 d5 3. e5 c5 4. Ne2 cxd4 5. Nxd4 e6 6. c4 {B12: Caro-Kann: Advance Variation.} (6. Be3 {looks sharper.} Nc6 7. f4 Qb6 8. Nc3 Bd7 9. Qd2) 6... Bb4+ {6...Bc5 is becoming the main line.} (6... dxc4 {is interesting.} 7. Nc3 Nd7 8. f4 Nb6 9. a4 Bd7) 7. Bd2 Bxd2+ 8. Qxd2 {The position is equal.} Ne7 9. Nc3 Nbc6 {[#]} 10. f4 $146 ({Predecessor:} 10. cxd5 exd5 11. f4 O-O 12. O-O-O Nxd4 13. Qxd4 Nf5 14. Qxd5 Qb6 15. Qe4 Be6 16. Bd3 {1-0 (32) Caruana,F (2796)-Jobava,B (2683) Skopje 2015}) 10... O-O 11. Rd1 Qb6 12. cxd5 exd5 13. Be2 Be6 14. Na4 (14. Nxc6 {seems wilder.} Qxc6 15. Bf3 Rad8 16. Ne2 Qb6 17. Nd4) 14... Qxd4 15. Qxd4 Nxd4 16. Rxd4 Rac8 17. O-O g5 18. fxg5 Nc6 19. Rh4 Nxe5 20. Nc3 Rfd8 $36 {[%mdl 2048] Black has good play.} 21. Rd1 Kg7 22. Rhd4 Nc6 23. Ra4 a6 24. Bf3 {[%cal Rf3d5]} d4 25. Ne2 d3 26. Nc3 (26. Nf4 $11 {remains equal.}) 26... Bf5 (26... Rc7 $17 27. Bxc6 Rxc6) 27. Be4 $11 Kg6 28. h4 Bxe4 29. Rxe4 Rd6 30. Re3 Rcd8 31. Kf2 Rd4 32. Re4 Rxe4 33. Nxe4 {[%mdl 4096] Endgame KRN-KRN} Ne5 34. b3 Kf5 35. Ng3+ (35. Nd2 $11) 35... Kf4 $17 {Strongly threatening ...Ng4+.} 36. Ne2+ (36. Nh5+ $17 {was the only defense.} Kg4 37. Nf6+ Kxh4 38. Nxh7) 36... Kg4 $19 37. g3 Rc8 (37... Kf5 $1 $19 {is more deadly. And now ...Rc8 would win.} 38. a4 Rc8) 38. Nf4 (38. Nd4 $17) 38... Rc2+ 39. Ke3 {[#]} Kxg3 (39... d2 $1 $19 40. Rxd2 Rxd2 41. Kxd2 Kxg3) 40. Nxd3 {[#]} (40. Ke4 $15 Ng6 41. Nxd3) 40... Rc3 $1 {[%cal Rc3d3]} 41. Rc1 (41. Rg1+ $142 Kxh4 42. Kd4 Nf3+ 43. Kxc3 Nxg1 44. Ne5) 41... Ng4+ ({Not} 41... Rxd3+ 42. Ke4 $17) 42. Kd4 $2 (42. Ke2 {keeps fighting.} Rxc1 43. Nxc1) 42... Rxc1 43. Nxc1 Kxh4 44. Nd3 {Accuracy: White = 60%, Black = 79%.} 0-1

[Event "AUT-ch Open 2020"]
[Site "Graz"]
[Date "2020.02.17"]
[Round "4.16"]
[White "Meurs, Tom"]
[Black "Skurniak, Szymon"]
[Result "0-1"]
[WhiteElo "2249"]
[BlackElo "1942"]
[Annotator "TA"]
[PlyCount "82"]
[EventDate "2020.02.14"]
[EventType "swiss"]
[EventCountry "AUT"]
[SourceTitle "playchess.com"]
[Source "ChessBase"]
[SourceQuality "1"]

{[%evp 18,82,35,16,20,26,25,11,39,35,28,28,41,41,32,39,72,79,87,86,113,50,95,15,113,50,55,-12,0,-216,-219,-252,-254,-309,-305,-308,-303,-304,-266,-316,-306,-404,-373,-443,-429,-504,-272,-847,-859,-841,-804,-925,-868,-954,-853,-1018,-1260,-1251,-1236,-1227,-1177,-1114,-1041,-740,-695,-1392,-772]} 1. e4 c5 2. Nf3 d6 3. d4 cxd4 4. Nxd4 Nf6 5. Nc3 Nc6 6. Bg5 e6 7. Qd2 a6 8. O-O-O Bd7 9. f3 Be7 10. h4 {10.h4 is better than 10.Be3.} h6 {B67: Sicilian: Richter-Rauzer: 7...a6 8 0-0-0 Bd7, lines without 9 f4 Be7.} 11. Be3 h5 12. Kb1 b5 {The position is equal.} 13. Nxc6 Bxc6 14. Ne2 Rc8 15. Nd4 Bb7 16. g3 d5 17. e5 Nd7 18. f4 g6 {[#]} 19. Bd3 $146 (19. Qg2 $16) ({Predecessor:} 19. Bh3 Nc5 20. g4 hxg4 21. Bxg4 Rxh4 22. Qg2 Rxh1 23. Rxh1 Kd7 24. b4 Na4 25. Rh7 {1-0 (39) Pezzica,G (2523)-Kilgour,D (2394) ICCF email 2009}) 19... Nc5 {[#]} 20. Qe2 ({White should play} 20. Be2 $1 $16) 20... Na4 {[#]} (20... Qc7 $11) 21. Ka1 (21. g4 $1 $16) 21... Qc7 22. Rhf1 {[#]} ({Better is} 22. c3 $14) 22... Nxb2 $1 {[%mdl 512]} 23. Rb1 $2 (23. Nxe6 $1 $11 fxe6 24. Kxb2 Qc3+ 25. Kb1) (23. Kxb2 Qc3+) 23... Na4 {( -> ...Qc3+)} 24. Qd2 Nc3 $40 {[%mdl 128] Black is out for blood.} 25. Ne2 Nxb1 26. Rxb1 Bc5 27. Nd4 {and the idea Bxb5+! leaves White hopeful.} b4 28. Rb3 Qb6 29. Qf2 Bc6 30. f5 gxf5 31. Bxf5 Bd7 32. Bg6 $2 (32. Bd3) 32... fxg6 $19 {Black is clearly winning.} 33. Qf6 Bxd4+ 34. c3 Rf8 ({Inferior is} 34... Bxe3 35. Qxh8+ Kf7 36. Qh7+ Kf8 37. Qh8+ Kf7 38. Qh7+ Kf8 39. Qh8+ Kf7 $11) 35. Qxg6+ {[#]} Kd8 $1 36. Qg5+ Kc7 37. Bxd4 Rf1+ 38. Kb2 bxc3+ 39. Bxc3 Qf2+ 40. Ka3 Qc5+ 41. Kb2 Rb8 {Accuracy: White = 34%, Black = 67%.} 0-1

[Event "AUT-ch Open 2020"]
[Site "Graz"]
[Date "2020.02.17"]
[Round "4.17"]
[White "Stanec, Nikolaus"]
[Black "Mis, Mieszko"]
[Result "0-1"]
[WhiteElo "2520"]
[BlackElo "2520"]
[Annotator "TA"]
[PlyCount "76"]
[EventDate "2020.02.14"]
[EventType "swiss"]
[EventCountry "AUT"]
[SourceTitle "playchess.com"]
[Source "ChessBase"]
[SourceQuality "1"]

{[%evp 12,76,10,5,58,0,0,0,0,2,7,0,0,0,6,0,10,-6,0,-2,0,-59,-70,-68,-61,-59,-33,-29,-18,-43,-41,-47,-33,-35,0,-14,48,0,22,-11,0,-49,-21,-54,0,-140,-141,-149,-146,-171,-193,-195,-195,-213,-203,-214,-198,-203,-213,-207,-207,-242,-221,-222,-239,-216,-214]} 1. Nf3 Nf6 2. d4 e6 3. e3 d5 4. Bd3 c5 5. O-O Nc6 6. b3 cxd4 7. exd4 g6 {D05: Colle System with ...e6.} (7... b6 $11) 8. a3 ({White should try} 8. Re1 $14) 8... Bg7 $11 9. Bb2 O-O {The position is equal.} 10. Nbd2 b6 11. Qe2 Bb7 12. Ne5 Qc7 {[#]} 13. Rac1 $146 ({Predecessor:} 13. Rfe1 Rac8 14. Rac1 Rfd8 15. f4 Qe7 16. Qf3 Rc7 17. Re2 Ne4 18. Qe3 f5 19. Ndf3 {1-0 (40) Ghane Gardeh,S (2376)-Matthiesen,A (2344) Izmir 2004}) 13... Rac8 14. Ndf3 Nxe5 15. dxe5 Nd7 16. b4 {[#]} ({White should play} 16. Rfe1 $11) 16... d4 $1 $15 {[%mdl 512]} 17. Bxd4 Bxf3 $1 18. Qxf3 Bxe5 19. Be3 Bxh2+ 20. Kh1 Be5 21. Ba6 Rb8 22. c4 Bg7 23. Rfd1 h6 (23... Ne5 $11 24. Bf4 Bh6) 24. c5 bxc5 25. bxc5 Ne5 26. Qg3 Qa5 27. Be2 Rfc8 ({Of course not} 27... Qxa3 $6 28. c6 $16) (27... Rb3 $15) 28. Bd2 (28. Bd4 $11 {was the only way to keep the balance.} Nc6 29. Bxg7 Kxg7 30. Rd6) 28... Qa4 $17 {Black is clearly better.} 29. Bf4 Rb3 $36 {[%cal Bb8b3,Bb3c3,Bc3c2][%mdl 2080] Black is on the roll.} 30. f3 {[#]} Nc6 $1 31. Bd6 Qxa3 32. Bc4 Rc3 33. Ra1 Qb4 34. Ba6 Rd8 35. Qe1 Rc2 36. Bd3 Qxe1+ 37. Rxe1 {[#]} Rxc5 $1 {[%mdl 512]} 38. Bxc5 {Strongly threatening Ra3.} Bxa1 {Accuracy: White = 66%, Black = 77%.} ({Worse is} 38... Rxd3 39. Red1 $11) 0-1

[Event "AUT-ch Open 2020"]
[Site "Graz"]
[Date "2020.02.17"]
[Round "4.18"]
[White "Lodici, Lorenzo"]
[Black "Baum, Jonasz"]
[Result "0-1"]
[WhiteElo "2492"]
[BlackElo "2492"]
[Annotator "TA"]
[PlyCount "60"]
[EventDate "2020.02.14"]
[EventType "swiss"]
[EventCountry "AUT"]
[SourceTitle "playchess.com"]
[Source "ChessBase"]
[SourceQuality "1"]

{[%evp 11,60,35,23,-9,4,-16,0,-55,-47,-41,-31,-74,-51,-90,0,-3,0,0,12,11,72,66,63,63,63,63,63,63,125,119,137,147,155,139,182,179,168,171,159,172,175,173,169,169,163,160,159,-510,-516,-516,-512]} 1. d4 Nf6 2. c4 e6 3. g3 c5 4. d5 exd5 5. cxd5 b5 6. Bg2 d6 7. Na3 {A60: Modern Benoni: Early Divergences.} a6 {[#]} 8. b4 $146 ({Predecessor:} 8. Nc2 a5 9. a4 b4 10. Ne3 Nbd7 11. Nf3 Nb6 12. Nd2 Be7 13. b3 O-O 14. Bb2 Ng4 15. Nxg4 Bxg4 {½-½ (44) Rustemov,A (2539)-Cherniaev,A (2466) Moscow 1999}) 8... Nbd7 9. Nh3 (9. e4 $11) 9... g6 $15 10. O-O Bg7 11. Bb2 O-O 12. Nf4 Bb7 ({Better is} 12... cxb4 $17 13. Nc2 a5) 13. bxc5 $11 Nxc5 14. Nc2 Rc8 15. Nb4 Nfe4 (15... g5 $11 16. Nfd3 Na4) 16. Bxg7 Kxg7 17. Bxe4 Nxe4 18. Qd4+ Nf6 19. Rac1 Qd7 (19... Qe7 $14) 20. Nc6 $16 Rfe8 21. f3 $1 {Black must now prevent g4.} Bxc6 22. dxc6 Rxc6 23. Nd5 Re6 {[#]} 24. g4 $1 Rxc1 25. Rxc1 Re5 26. Nxf6 Kxf6 {[#]} 27. f4 $1 {[%cal Rf4e5][%mdl 64] Pin} Qxg4+ 28. Kh1 Kg7 {Hoping for ...Kg8.} 29. e3 $2 (29. Rg1 $16 Qxe2 30. fxe5 dxe5 31. Qd5) 29... Qf3+ $19 {[%mdl 64] Double Attack} 30. Kg1 Qxe3+ {Accuracy: White = 66%, Black = 75%.} 0-1

[Event "AUT-ch Open 2020"]
[Site "Graz"]
[Date "2020.02.17"]
[Round "4.18"]
[White "Rathnakaran, K.."]
[Black "Mujacic, Haris"]
[Result "1-0"]
[WhiteElo "2334"]
[BlackElo "2077"]
[Annotator "TA"]
[PlyCount "113"]
[EventDate "2020.02.14"]
[EventType "swiss"]
[EventCountry "AUT"]
[SourceTitle "playchess.com"]
[Source "ChessBase"]
[SourceQuality "1"]

{[%evp 11,113,7,12,10,22,-6,0,-13,0,-6,13,0,0,7,11,0,21,-33,-44,-40,0,-22,0,-43,-43,-97,-71,-93,0,0,0,-97,0,0,0,0,125,110,107,122,135,-59,-66,-72,-71,-66,-67,-70,0,0,0,0,0,0,0,0,0,0,0,0,0,0,159,41,167,158,167,159,189,10,15,18,10,10,10,28,17,0,0,0,0,0,0,0,0,0,0,0,0,0,0,0,0,0,0,0,0,0,0,0,29985,29986,29984,29985]} 1. e4 e5 2. Nf3 Nc6 3. Bc4 Bc5 4. c3 Nf6 5. d3 d6 6. Bb3 a6 7. Bg5 {C54: Giuoco Piano: 4 c3 Nf6, main lines with 5 d4 and 5 d3.} Be6 8. Nbd2 h6 {[#]} 9. Bh4 $146 {The position is equal.} ({Predecessor:} 9. Be3 Bg4 10. Bxc5 dxc5 11. Bc2 b5 12. Nf1 O-O 13. Ne3 Be6 14. O-O Rb8 15. Nd2 {1-0 (40) Alvarez,C (1417)-Castillo Beitia,A Panama 2019}) 9... g5 10. Bg3 Qe7 11. Bxe6 Qxe6 12. b4 Ba7 13. a4 O-O 14. h4 (14. O-O $11) 14... g4 $15 15. Nh2 h5 16. O-O Ne7 17. Re1 Nd7 18. Kh1 (18. Re2 $15) 18... f5 19. exf5 Rxf5 (19... Nxf5 $17 20. Re2 d5) 20. f3 gxf3 21. gxf3 (21. Nhxf3 $11 Qg6 22. Ne4) 21... Nd5 ({Black should play} 21... Rf7 $17 22. d4 Nf6) 22. Ne4 $11 Nf4 23. d4 Qc4 (23... Nh3 $11 {remains equal.}) 24. Qd2 {And now dxe5 would win.} Raf8 25. Rg1 $1 (25. Bxf4 $6 Rxf4 26. Rg1+ (26. Qg2+ Kh8 $11) 26... Kf7 $11) 25... Kf7 26. dxe5 $2 ({Don't play} 26. Bxf4 $6 Rxf4 27. Rae1 (27. Qg2 Ke8 $11) 27... Ke8 $11) (26. Rad1 $16) 26... Bxg1 $15 27. Rxg1 Nxe5 28. Bxf4 Nxf3 $1 {[%mdl 64] Double Attack} 29. Ng5+ $1 ({Avoid the trap} 29. Nxf3 $2 Qxe4 30. Kh2 Qxf4+ $19) 29... Rxg5 ({Better is} 29... Nxg5 $1 $15 30. Bxg5 Ke6) 30. Nxf3 $11 Rxg1+ 31. Kxg1 Ke8 32. Nd4 {Hoping for Qe3+.} Kd7 33. a5 Kc8 34. Qe3 Kb8 35. Bg3 Rf1+ 36. Kg2 Rd1 $2 (36... Rf8 $11) 37. Qe8+ $16 Ka7 38. Bf2 $1 {[%csl Ge8][%cal Rd4c6]} c5 39. bxc5 $1 dxc5 {[#]} 40. Qxh5 $2 (40. Nf3 $1 $18) 40... Qf1+ $1 $11 41. Kg3 cxd4 42. Bxd4+ {[#]} Rxd4 $1 {[%mdl 512]} 43. Qc5+ {[%mdl 64] Double Attack} (43. cxd4 Qg1+) 43... Ka8 $1 {( -> ...Qf4+)} 44. cxd4 {[%mdl 4096] Endgame Threatens to win with Qe5. KQ-KQ} Qe1+ 45. Kg4 {Black must now prevent Qe5.} Qe2+ 46. Kg5 {Qe5 is the strong threat.} Qe3+ 47. Kh5 {aiming for Qe5.} Qf3+ 48. Kg6 {Strongly threatening h5.} Qe4+ 49. Qf5 Qxh4 50. d5 Qg3+ 51. Kf6 Qc3+ 52. Qe5 Qxa5 53. d6 Qd8+ 54. Kf7 {Qe8 would kill now.} Qd7+ 55. Kf8 {White threatens Qe8+ and mate.} Ka7 $2 {[%mdl 8192] [#]} (55... Qh7 $11) 56. Qe3+ $1 Kb8 57. Qe8+ {[%mdl 64] Double Attack. Accuracy: White = 80%, Black = 88%.} 1-0